00745nam a22001937a 4500999001900000005001700019010001300036020002600049035001300075037002000088082001300108100001600121245007200137260004500209270005900254300002500313942002700338952018600365 c103958d10395820191107153136.0 aB-634826 a9789380231358c495.00 aB-634826 bDPL/Pansy Books a343.5404 aRai,Kailash aTaxation laws :blaw of income tax and wealth tax /cby Kailash Rai aDelhibAllahabad Law Agencyc2015(repr.) a1559, Outram Lines , Near Kingsway CampbDelhie110009 axix,739p.c24cm(pbk) 2ddccENh343.5404mRAI 001040708NFICaLbLd2016-10-10ePansy Books/RP/1598/29.9.16/1/29.9.16/30.9.16g495.00l20m11o343.5404 RAIpB-634826r2026-05-19 11:48:02s2026-03-13t1v495.00w2016-10-10yEN